El fiscal / (Registro nro. 7632)

Detalles MARC
000 -LIDER
fixed length control field 00889nam a2200301 a 4500
001 - NÚMERO DE CONTROL
Identificador de número de control 000012988
003 - IDENTIFICACDOR DE NÚMERO DE CONTROL
control field DO-SdBNP
005 - DATE AND TIME OF LATEST TRANSACTION
control field 20180126091332.0
007 - CAMPOS FIJOS DE DESCRIPCIÓN FÍSICA
fixed length control field 000012988
008 - ELEMENTOS DE LONGITUD FIJA
fixed length control field 091118s1993 sp 000 f spa d
020 ## - ISBN
International Standard Book Number 9681901770
040 ## - FUENTE DE CATALOGACIÓN
Agencia que crea de manera original el registro BPMET
Idioma de catalogación spa
Agencia que realiza la transcripción BPMET
092 ## - LOCALLY ASSIGNED DEWEY DECIMAL CALL NUMBER
Número de clasificación Pa863.44
Número de ítem (Cutter) R628f
100 1# - ASIENTO PRINCIPAL -- NOMBRE PERSONAL
Nombre personal Roa Bastos, Augusto,
Fechas asociadas con el nombre 1917-2005
245 13 - MENCIÓN DE TITULO
Título El fiscal /
Mención de responsabilidad Augusto Roa Bastos.
260 ## - PUBLICACIÓN, DISTRIBUCIÓN, ETC. (PIE DE IMPRENTA)
Lugar de publicación, distribución, etc Madrid :
Nombre del editor, distribuidor, etc. Club Internacional del Libro,
Fecha de publicación, distribución, etc 1995.
300 ## - DESCRIPCIÓN FÍSICA
Extensión 367 p. ;
Dimensiones 23 cm.
490 0# - MENCIÓN DE SERIES
Mención de serie Afaguara hispánica
Volume/sequential designation 108
500 ## - NOTA GENERAL
Nota general Incluye datos biográficos del autor en solapa de la cubierta
586 ## - AWARDS NOTE
Awards note Premio Cervantes, 1989.
650 #4 - ENCABEZAMIENTO DE MATERIA--TEMÁTICO
Término temático o nombre geográfico como elemento de entrada NOVELA PARAGUAYA
650 #4 - ENCABEZAMIENTO DE MATERIA--TEMÁTICO
Término temático o nombre geográfico como elemento de entrada LITERATURA PARAGUAYA
Subdivisión cronológica SIGLO XX
830 #0 - ASIENTO SECUNDARIO DE SERIE--TÍTULO UNIFORME
Título uniforme Afaguara hispánica
Número de la parte o sección de una obra 108
910 ## - VALIDACIÓN
Validación WM
942 ## - ADDED ENTRY ELEMENTS (KOHA)
Source of classification or shelving scheme Dewey Decimal Classification
Koha item type Libros
945 ## - INFORMACIÓN DE PROCESAMIENTO LOCAL
Información de procesamiento local Inventariado, 2018 / YL
956 ## - LOCAL ELECTRONIC LOCATION AND ACCESS (OCLC)
Nombre de host YLOCKWARD
Número de acceso 10
Información de compresión BPMSU
Existencias
Withdrawn status Lost status Source of classification or shelving scheme Damaged status Not for loan Collection code Home library Current library Date acquired Total Checkouts Barcode Date last seen Price effective from Koha item type
    Dewey Decimal Classification     Colección General Biblioteca Pública Metropolitana Salomé Ureña Biblioteca Pública Metropolitana Salomé Ureña 05/26/2015   BPMSU15051769 05/26/2015 05/26/2015 Libros